000 00445nam a2200169 i 4500
001 49368
005 20230410143126.0
008 071109b1966 ko a 000 0 eng
040 _aDRFGD
_bspa
041 0 _aeng
050 1 4 _abE17 1966
245 0 0 _aEconomic development plan:
_b1967-1971.
260 _aSeoul :
_b(Gevernment of the republic of korea) ,
_c1966
300 _a240 p. :
_bill. ;
_c24 cm.
942 _2lcc
_cbk
946 _aLspaulino
999 _c96206
_d96206